|
|
|
|
| LEADER |
00000cam a2200000 c 4500 |
| 001 |
1734726008 |
| 003 |
DE-627 |
| 005 |
20251226185822.0 |
| 007 |
tu |
| 008 |
200923s2020 gw ||||| 00| ||ger c |
| 010 |
|
|
|a 2022450231
|
| 015 |
|
|
|a 20,N39
|2 dnb
|
| 016 |
7 |
|
|a 1217942149
|2 DE-101
|
| 020 |
|
|
|a 9783945369999
|c : EUR 17.95 (DE), EUR 18.50 (AT)
|9 978-3-945369-99-9
|
| 020 |
|
|
|a 3945369991
|9 3-945369-99-1
|
| 024 |
3 |
|
|a 9783945369999
|
| 035 |
|
|
|a (DE-627)1734726008
|
| 035 |
|
|
|a (DE-599)DNB1217942149
|
| 035 |
|
|
|a (OCoLC)1196899750
|
| 040 |
|
|
|a DE-627
|b ger
|c DE-627
|e rda
|
| 041 |
|
|
|a ger
|
| 044 |
|
|
|c XA-DE-BW
|
| 050 |
|
0 |
|a BX4844.55.A4
|
| 072 |
|
7 |
|a BX
|2 lcco
|
| 082 |
0 |
|
|a 284.092
|q DE-101
|
| 082 |
0 |
4 |
|a 230
|a 943
|q DE-101
|
| 084 |
|
|
|a 1
|2 ssgn
|
| 084 |
|
|
|a NZ 70030
|q DE-24/21sred
|2 rvk
|0 (DE-625)rvk/162630:
|
| 084 |
|
|
|a 07
|2 bwlb
|
| 084 |
|
|
|a 11.55
|2 bkl
|
| 100 |
1 |
|
|e VerfasserIn
|0 (DE-588)1221530801
|0 (DE-627)1738726606
|4 aut
|a Stährmann, Martin
|d 1965-
|
| 109 |
|
|
|a Stährmann, Martin 1965-
|
| 245 |
1 |
0 |
|a Julius von Jan
|b ein aufrechter Pfarrer wider die Nationalsozialisten
|c Martin Stährmann
|
| 264 |
|
1 |
|a Stuttgart
|b Evangelischer Verlag Stuttgart
|c [2020]
|
| 264 |
|
4 |
|c © 2020
|
| 300 |
|
|
|a 192 Seiten
|b Illustrationen
|
| 336 |
|
|
|a Text
|b txt
|2 rdacontent
|
| 337 |
|
|
|a ohne Hilfsmittel zu benutzen
|b n
|2 rdamedia
|
| 338 |
|
|
|a Band
|b nc
|2 rdacarrier
|
| 490 |
0 |
|
|a Edition Evangelisches Gemeindeblatt
|
| 583 |
1 |
|
|a Archivierung/Langzeitarchivierung gewährleistet
|f PEBW
|x XA-DE-BW
|2 pdager
|5 DE-24
|
| 583 |
1 |
|
|a Archivierung/Langzeitarchivierung gewährleistet
|f SSG
|x XA-DE-BW
|2 pdager
|5 DE-21
|
| 600 |
1 |
7 |
|0 (DE-588)1012407853
|0 (DE-627)699694930
|0 (DE-576)345383915
|a Jan, Julius von
|d 1897-1964
|2 gnd
|7 (dpeaa)DE-631
|
| 601 |
|
|
|a Nationalsozialist
|
| 610 |
1 |
0 |
|a Bekennende Kirche
|x History
|2 DLC
|
| 610 |
1 |
0 |
|a Bekennende Kirche
|x Clergy
|v Biography
|2 DLC
|
| 610 |
2 |
4 |
|a Bekennende Kirche
|
| 650 |
|
0 |
|a Clergy
|x Nazi persecution
|v Biography
|2 DLC
|
| 650 |
|
0 |
|a Clergy
|z Germany
|v Biography
|2 DLC
|
| 650 |
0 |
7 |
|0 (DE-588)4006627-7
|0 (DE-627)106376888
|0 (DE-576)208866353
|a Bildnis
|2 gnd
|7 (dpeaa)DE-631
|
| 650 |
|
4 |
|a Clergé - Allemagne - Biographies
|
| 650 |
|
4 |
|a Clergy
|
| 650 |
|
4 |
|a Clergy - Nazi persecution
|
| 650 |
|
4 |
|a Biographies
|
| 651 |
|
4 |
|a Germany
|
| 655 |
|
7 |
|a Biografie
|0 (DE-588)4006804-3
|0 (DE-627)104213493
|0 (DE-576)208867147
|2 gnd-content
|
| 689 |
0 |
0 |
|d p
|0 (DE-588)1012407853
|0 (DE-627)699694930
|0 (DE-576)345383915
|2 gnd
|a Jan, Julius von
|d 1897-1964
|
| 689 |
0 |
|
|5 DE-101
|
| 689 |
1 |
0 |
|d g
|0 (DE-588)4067029-6
|0 (DE-627)106110780
|0 (DE-576)209167882
|2 gnd
|a Württemberg
|
| 689 |
1 |
1 |
|d s
|0 (DE-588)4041316-0
|0 (DE-627)106219685
|0 (DE-576)209044454
|2 gnd
|a Nationalsozialismus
|
| 689 |
1 |
2 |
|d s
|0 (DE-588)4079262-6
|0 (DE-627)104675039
|0 (DE-576)209211776
|2 gnd
|a Widerstand
|
| 689 |
1 |
3 |
|d s
|0 (DE-588)4132592-8
|0 (DE-627)104116455
|0 (DE-576)209636874
|2 gnd
|a Pfarrer
|
| 689 |
1 |
4 |
|d s
|0 (DE-588)4015833-0
|0 (DE-627)106335138
|0 (DE-576)208913718
|2 gnd
|a Evangelische Kirche
|
| 689 |
1 |
5 |
|q z
|2 gnd
|a Geschichte 1938-1945
|
| 689 |
1 |
|
|5 DE-101
|
| 689 |
2 |
0 |
|d p
|0 (DE-588)1012407853
|0 (DE-627)699694930
|0 (DE-576)345383915
|2 gnd
|a Jan, Julius von
|d 1897-1964
|
| 689 |
2 |
1 |
|d g
|0 (DE-588)4067029-6
|0 (DE-627)106110780
|0 (DE-576)209167882
|2 gnd
|a Württemberg
|
| 689 |
2 |
2 |
|d s
|0 (DE-588)4041316-0
|0 (DE-627)106219685
|0 (DE-576)209044454
|2 gnd
|a Nationalsozialismus
|
| 689 |
2 |
3 |
|d s
|0 (DE-588)4079262-6
|0 (DE-627)104675039
|0 (DE-576)209211776
|2 gnd
|a Widerstand
|
| 689 |
2 |
4 |
|d s
|0 (DE-588)4132592-8
|0 (DE-627)104116455
|0 (DE-576)209636874
|2 gnd
|a Pfarrer
|
| 689 |
2 |
5 |
|d s
|0 (DE-588)4015833-0
|0 (DE-627)106335138
|0 (DE-576)208913718
|2 gnd
|a Evangelische Kirche
|
| 689 |
2 |
6 |
|q z
|2 gnd
|a Geschichte 1938-1945
|
| 689 |
2 |
|
|5 (DE-627)
|
| 787 |
0 |
8 |
|i Rezensiert in
|a Wolfgang Schöllkopf
|t [Julius von Jan], in: Blätter für württembergische Kirchengeschichte
|g 122 (2022), Seite 637-638
|
| 856 |
4 |
2 |
|u https://d-nb.info/1217942149/04
|m B:DE-101
|q application/pdf
|v 2021-01-20
|x Verlag
|3 Inhaltsverzeichnis
|7 1
|
| 856 |
4 |
2 |
|u https://swbplus.bsz-bw.de/bsz1734726008ref.htm
|m V:DE-576
|m B:DE-21
|v 20220916193554
|3 Literaturverzeichnis
|7 1
|
| 935 |
|
|
|a BWLB
|
| 936 |
r |
v |
|a NZ 70030
|b Einzelbiografien
|k Geschichte
|k Regionale Landeskunde
|k Baden-Württemberg
|k Landesgeschichte allgemein
|k Einzelbiografien
|0 (DE-627)1685783007
|0 (DE-625)rvk/162630:
|
| 936 |
b |
k |
|a 11.55
|j Protestantismus
|0 (DE-627)106403907
|
| 951 |
|
|
|a BO
|
| ELC |
|
|
|b 1
|
| ITA |
|
|
|a 1
|t 1
|
| LOK |
|
|
|0 000 xxxxxcx a22 zn 4500
|
| LOK |
|
|
|0 001 3834270571
|
| LOK |
|
|
|0 003 DE-627
|
| LOK |
|
|
|0 004 1734726008
|
| LOK |
|
|
|0 005 20210118114746
|
| LOK |
|
|
|0 008 210111||||||||||||||||ger|||||||
|
| LOK |
|
|
|0 040
|a DE-21
|c DE-627
|d DE-21
|
| LOK |
|
|
|0 852
|a DE-21
|
| LOK |
|
|
|0 852 1
|c 61 A 222
|9 00
|
| LOK |
|
|
|0 935
|a theo
|
| LOK |
|
|
|0 936ln
|a t4.2
|
| LOK |
|
|
|0 938
|a 2101
|f 2
|
| LOK |
|
|
|0 939
|a 11-01-21
|b l01
|
| LOK |
|
|
|0 000 xxxxxcx a22 zn 4500
|
| LOK |
|
|
|0 001 4033856366
|
| LOK |
|
|
|0 003 DE-627
|
| LOK |
|
|
|0 004 1734726008
|
| LOK |
|
|
|0 005 20220125155044
|
| LOK |
|
|
|0 008 220112||||||||||||||||ger|||||||
|
| LOK |
|
|
|0 040
|a DE-21-31
|c DE-627
|d DE-21-31
|
| LOK |
|
|
|0 541
|e 22/98
|
| LOK |
|
|
|0 852
|a DE-21-31
|
| LOK |
|
|
|0 852 1
|c El VII 229
|m p
|9 00
|
| LOK |
|
|
|0 866
|x KO
|
| LOK |
|
|
|0 938
|a 2201
|f E5
|
| LOK |
|
|
|0 938
|k p
|
| LOK |
|
|
|0 939
|a 12-01-22
|b l01
|
| ORI |
|
|
|a SA-MARC-ixtheoa001.raw
|
| REF |
|
|
|a Evangelische Kirchengeschichte,Widerstand gegen den Nationalsozialismus
|
| REL |
|
|
|a 1
|
| STA |
0 |
0 |
|a Image,Portrait,National Socialism,National Socialism,Nationalsozialismus,National socialism in literature,Pastor,Pastor,Parson,Minister of a congregation,Catholic Church,Protestant Church,Protestant Church,Protestant Church,Evangelical Church,Resistance,Resistance,Resistance,Political resistance,Underground movements, War,Württemberg,Duchy,Kingdom
|
| STB |
0 |
0 |
|a Curé <catholicisme>,Curé,Pasteur (protestantisme),Pasteur,Curés (prêtres),Pasteur (protestantisme) (motif),Pasteur,National-socialisme,National-socialisme,Nazisme,Nazisme,Nazisme (motif),Nazisme,Portrait,Résistance,Résistance,Résistance,Mouvements de résistance,Église protestante,Église protestante
|
| STC |
0 |
0 |
|a Iglesia evangélica,Iglesia evangélica,Nacionalsocialismo,Nacionalsocialismo,Pastor,Pastor,Párroco,Párroco,Párroco (Motivo),Párroco,Resistencia,Resistencia,Resistencia,Retrato
|
| STD |
0 |
0 |
|a Chiesa evangelica,Chiesa evangelica,Nazionalsocialismo <motivo>,Nazionalsocialismo,Nazismo,Nazismo,Nazismo (motivo),Nazismo,Parroco,Parroco,Resistenza,Resistenza,Resistenza,Ritratto
|
| STE |
0 |
0 |
|a 抗拒,抵抗,抵抗,阻力,阻力,新教教会,牧师,牧师,教士,教士,纳粹主义,纳粹主义,国家社会主义,国家民族社会主义,国家社会主义,国家民族社会主义,肖像
|
| STF |
0 |
0 |
|a 抗拒,抵抗,抵抗,阻力,阻力,新教教會,牧師,牧師,教士,教士,納粹主義,納粹主義,國家社會主義,國家民族社會主義,國家社會主義,國家民族社會主義,肖像
|
| STG |
0 |
0 |
|a Igreja evangélica,Igreja evangélica,Nacional-socialismo,Nacional-socialismo,Pastor,Pastor,Pároco,Pároco,Pároco (Motivo),Pároco,Resistência,Resistência,Resistência,Retrato
|
| STH |
0 |
0 |
|a Евангелическая церковь (мотив),Евангелическая церковь,Национальный социализм (мотив),Национальный социализм,Портрет,Священник,Священник,Пастор,Пастор (мотив),Сопротивление (психология),Сопротивление (мотив),Сопротивление
|
| STI |
0 |
0 |
|a Αντίσταση (ψυχολογία),Αντίσταση (μοτίβο),Αντίσταση,Εθνικοσοσιαλισμός <μοτίβο>,Εθνικοσοσιαλισμός,Ναζισμός,Ναζισμός (μοτίβο),Ευαγγελική Εκκλησία (μοτίβο),Ευαγγελική Εκκλησία,Πάστορας <μοτίβο>,Πάστορας,Ιερέας,Ιερέας (μοτίβο),Προσωπογραφία,Πορτρέτο
|
| SUB |
|
|
|a REL
|
| SYB |
0 |
0 |
|a BK,Bekenntniskirche , BK,Bekenntniskirche , BK,Bekenntniskirche
|
| SYE |
0 |
0 |
|a Porträt,Portrait
|
| SYG |
0 |
0 |
|a Baden-Württemberg <Ost>,Würtemberg,Wirtemberg,Wirtenberg,Volksstaat Württemberg,Grafschaft Württemberg,Herzogtum Württemberg,Königreich Württemberg,Baden-Württemberg,Ost,Württemberg,Freier Volksstaat Württemberg,Württemberg,Württemberg,Württemberg , Faschismus,NS,NS , Widerstandsbewegung,Politischer Widerstand,Politischer Widerstand,Widerstandsbewegung , Pastor,Stadtpfarrer , Evangelische Kirche in Karlsruhe , Protestant Church,Eglise protestante , Waldkapelle Klosterreichenbach,Petruskirche Heselbach,Drei-Meister-Kirche Helmershausen,Ev. Kirche,Evangelische Stadtkirche,Sankt Nikolaus,Nikolaikirche Elmshorn,Sankt Gereon,Schurwald-Kirchlein Aichschiess,Sankt Gereon und Margaretha,Evangelische Kirche Werden , Baden-Württemberg <Ost>,Würtemberg,Wirtemberg,Wirtenberg,Volksstaat Württemberg,Grafschaft Württemberg,Herzogtum Württemberg,Königreich Württemberg,Baden-Württemberg,Ost,Württemberg,Freier Volksstaat Württemberg,Württemberg,Württemberg,Württemberg , Faschismus,NS,NS , Widerstandsbewegung,Politischer Widerstand,Politischer Widerstand,Widerstandsbewegung , Pastor,Stadtpfarrer , Evangelische Kirche in Karlsruhe , Protestant Church,Eglise protestante , Waldkapelle Klosterreichenbach,Petruskirche Heselbach,Drei-Meister-Kirche Helmershausen,Ev. Kirche,Evangelische Stadtkirche,Sankt Nikolaus,Nikolaikirche Elmshorn,Sankt Gereon,Schurwald-Kirchlein Aichschiess,Sankt Gereon und Margaretha,Evangelische Kirche Werden
|
| TIM |
|
|
|a 100019380101_100019451231
|b Geschichte 1938-1945
|